Fields. - RAYE (Lyrics) - Statistics

General Stats
  • This quiz has been taken 3 times
  • The average score is 502 of 663
Answer Stats
Answer % Correct
a
100%
And
100%
and
100%
(and
100%
be
100%
can
100%
child,
100%
do
100%
Do
100%
don't
100%
down
100%
ever
100%
every
100%
(every
100%
feel
100%
field
100%
fields
100%
free
100%
(free)
100%
(Free)
100%
Free)
100%
free,
100%
free)
100%
Free
100%
give
100%
go?
100%
go
100%
golden
100%
(golden
100%
good
100%
good,
100%
Grandad
100%
grandad?
100%
Grandad?
100%
Grandad,
100%
Granddad?
100%
granddad
100%
Granddad
100%
green
100%
(green)
100%
hand
100%
he
100%
hear
100%
hill
100%
hill)
100%
I
100%
(I
100%
(I)
100%
In
100%
in
100%
into
100%
it
100%
It's
100%
it's
100%
just
100%
like
100%
Like
100%
long
100%
me
100%
me,
100%
more
100%
more)
100%
more,
100%
my
100%
My
100%
(my)
100%
no
100%
(No
100%
(no
100%
of
100%
on
100%
practice
100%
red
100%
red)
100%
rolling
100%
(rolling
100%
sad
100%
see
100%
see?
100%
single
100%
so
100%
So
100%
song
100%
songwriter,
100%
stream
100%
(stream)
100%
the
100%
time
100%
to
100%
try
100%
wanna
100%
want
100%
we
100%
We
100%
when
100%
When
100%
Where
100%
where
100%
Will
100%
will
100%
with
100%
you,
100%
you
100%
You
100%
(You
100%
your
100%
(ah)
67%
All
67%
all
67%
away
67%
back
67%
been
67%
brought
67%
burden
67%
by
67%
Call
67%
call
67%
Clair
67%
cry
67%
crying
67%
crying)
67%
de
67%
did
67%
die
67%
everything
67%
eyes,
67%
fall
67%
feeling
67%
for
67%
(for
67%
get
67%
gives
67%
goodness
67%
hands
67%
have
67%
Hello,
67%
him
67%
him:
67%
how
67%
How
67%
I'm
67%
(I'm
67%
Is
67%
is
67%
kiss
67%
left
67%
life
67%
lipstick
67%
list
67%
looks
67%
love
67%
love,
67%
Lune
67%
nothingness
67%
now
67%
pain
67%
piano,
67%
play
67%
Play
67%
pray
67%
rain
67%
said
67%
since
67%
soft
67%
something
67%
something,
67%
songs
67%
talked
67%
tears
67%
that
67%
There's
67%
this
67%
told
67%
too,
67%
voicemail
67%
was
67%
weighs
67%
what
67%
won't
67%
(won't
67%
you're
67%
alone
33%
always
33%
are
33%
as
33%
(as
33%
bed,
33%
being
33%
big
33%
called
33%
chasing
33%
could
33%
day,
33%
dreams
33%
dust
33%
dwell
33%
from
33%
gets?
33%
girl)
33%
glory
33%
got
33%
grandad's
33%
haven't
33%
his
33%
home,
33%
I'll
33%
important
33%
instead
33%
Jesus
33%
kid?
33%
lack,
33%
last
33%
little
33%
living
33%
lonely
33%
mum
33%
other
33%
put
33%
Rachel,
33%
reads
33%
remember,
33%
rid
33%
right
33%
room
33%
Seems
33%
seems
33%
sinking
33%
still
33%
stories
33%
succeed
33%
tell
33%
these
33%
till
33%
tucking
33%
up
33%
use
33%
waits
33%
while
33%
wrecked
33%
wrote
33%
you'll
33%
18
0%
asked
0%
born
0%
both
0%
case
0%
case)
0%
'Cause
0%
crowded
0%
Dear
0%
(dun,
0%
dun,
0%
dun)
0%
(Dun,
0%
form
0%
gathers
0%
grown-up
0%
he'd
0%
if
0%
joyful)
0%
joyful
0%
least
0%
live
0%
many
0%
medicine
0%
missing,
0%
months
0%
music
0%
never
0%
passes
0%
pillows
0%
poet,
0%
rest
0%
(running)
0%
sail
0%
set
0%
soul)
0%
spoken
0%
Spoken
0%
tent,
0%
think
0%
today
0%
tore
0%
touched,
0%
true
0%
wear
0%
weights
0%
weird
0%
were
0%
world?)
0%
yet
0%
No matching quizzes found
Score Distribution
Percent of People with Each Score
Percentile by Number Answered
Your Score History
You have not taken this quiz